Lyrics to Coldplay's "Yellow" - Statistics

General Stats
  • This quiz has been taken 24 times
  • The average score is 157 of 204
Answer Stats
Answer % Correct
a
100%
And
100%
and
100%
I
100%
it
100%
yellow
100%
Yellow
100%
all
95%
you
95%
You
95%
So
90%
so
90%
was
90%
for
86%
For
86%
the
86%
do
81%
to
81%
Your
81%
your
81%
they
76%
at
71%
beautiful
71%
how
71%
love
71%
something
71%
song
71%
then
71%
were
71%
wrote
71%
I'd
67%
Look
67%
my
67%
shine
67%
stars
67%
that
67%
thing
67%
things
67%
what
67%
Yeah
67%
yeah
67%
called
62%
everything
62%
into
62%
It's
62%
know
62%
Oh
62%
oh
62%
skin
62%
took
62%
bleed
57%
bones
57%
dry
57%
myself
57%
came
52%
turn
52%
Turn
52%
along
48%
across
43%
done
43%
have
43%
line
43%
drew
38%
jumped
38%
'Cause
29%
swam
29%
true
29%
No matching quizzes found
Score Distribution
Percent of People with Each Score
Percentile by Number Answered
Your Score History
You have not taken this quiz